Sports Quiz

Random Sports or Baseball Quiz

MLB - Manager Quiz Stats

 Plays Quiz not verified by Sporcle

Challenge
Share
Tweet
Embed
Score 0/30 Timer 06:00
0 Plays Today
Hint Manager % Correct
Gold-glove winning 3B who spent most of his career with the White Sox in the 90s, hit 294 home runsRobin Ventura
84%
Former Rookie of The Year; played 16 seasons as a slick-fielding, weak hitting shortstop, mostly for the White SoxOzzie Guillen
84%
Slick-fielding, MVP-winning 1B for the YankeesDon Mattingly
82.1%
Spent most of his career as a backup catcher for the Yankees, Rockies and Cubs from 1989-2003Joe Girardi
80.2%
This MVP-winning World Series hero hit 255 home runs in his 17 year career, mostly with the TigersKirk Gibson
80.2%
Gold-glove winning C mostly for St. Louis and Milwaukee in the 90s and 00sMike Matheny
78.3%
Caught for the Dodgers for 13 seasons between 1980 and 1992Mike Scioscia
77.4%
2B for the Orioles and Braves in the 60s and 70s, belted 43 HR in 1973Davey Johnson
66%
Won 121 games in the 80s and early 90s with 5 different teams, mostly the RoyalsBud Black
63.2%
Former outfielder collected 1,981 hits over a 19-season career, mostly with the Dodgers and BravesDusty Baker
60.4%
Caught for 9 seasons between 1978 and 1987 with the Astros, Mets and PadresBruce Bochy
54.7%
Caught for 7 seasons in the Tigers organization in the 60s and early 70s, never made the majorsJim Leyland
44.3%
OF who spent 10 seasons with the Royals and Mets in the 70s and 80sClint Hurdle
42.5%
Utility infielder for the Mets in the early 80s; not much of a batRon Gardenhire
41.5%
Slick-fielding SS, played 12 seasons mostly for Brewers and Pirates in the 80s and 90sDale Sveum
38.7%
Hint Manager % Correct
Utility player for the Mets, Dodgers, Padres and Angels in the 70's, played every position except P over his 10 seasonsBobby Valentine
36.8%
Played OF for the Twins and Dodgers 1969-1975, career .198 batting averageCharlie Manuel
33%
SP who won most of his 36 games with the Indians in the late 80s with stops in California and Detroit in the early 90sJohn Farrell
32.1%
Backup C for the Brewers, Rangers and Expos in the early 80sNed Yost
32.1%
Utility infielder; played 10 seasons for 5 teams, mostly the Twins 1977-1989Ron Washington
32.1%
Spent 7 seasons in the Yankees organization as a 1B/OF from 1977-1983; never played in the majorsBuck Showalter
31.1%
Spent 10 seasons as backup C, mostly for the Giants and Orioles in the 80s and 90sBob Melvin
31.1%
Caught 4 seasons in the Angels organization in the late 70s; never made it above A-ballJoe Maddon
30.2%
An original Rockie who caught 39 games for the Red Sox and Rockies in the early 90sEric Wedge
24.5%
Played OF for six teams, mostly Dodgers and Phillies, over 8 seasons in the 80sRon Roenicke
23.6%
Utility infielder with the Pirates and Dodgers organizations in the 70s, never made the majorsTerry Collins
20.8%
Minor league C with the Yankees in the 80s, never made it above AAFredi Gonzalez
19.8%
Played 87 games at OF and 1B for the Cubs in the early 80sJim Tracy
18.9%
Played 106 games, mostly at 3B, for the Expos in the early 80sBrad Mills
16%
Played 5 seasons in the late 80s and early 90s in the Astros organization, mostly at 3B, never made the majorsManny Acta
14.2%

You're not logged in!

Compare scores with friends on all Sporcle quizzes.
Join for Free
OR
Log In

You Might Also Like...

Show Comments

Extras

Top Quizzes Today


Score Distribution

Your Account Isn't Verified!

In order to create a playlist on Sporcle, you need to verify the email address you used during registration. Go to your Sporcle Settings to finish the process.

Report this User

Report this user for behavior that violates our Community Guidelines.

Details: